01290cam a2200349Mi 450000500170000000800410001702000150005802000280007302000280010102000180012904000600014704100080020706000110021510000200022624501510024625000110039726000690040830000750047750000320055265000180058465000240060265000160062665000180064265000220066065000210068270000510070370000500075470000400080470000380084470000370088276500210091920211105120749.0140725s2016 ck ad fr 001 0 spa d z6071506077 a9786071514134 (14a.Ed.) a9786071511515 (13a.Ed.) a9786071506078 aCO-BoUCMbspacSaul Niño (Modificó)dJose A. Gerena1 aspa aQT 1041 aFox, Stuart Ira10aFisiología humanacStuart Ira Fox ; traducción, Bernardo Rivera Muñoz, Héctor Raúl Planas González, José Luis González Hernández a14a ed aBogotá (Colombia)aMéxico D.F. (México)bMcGraw-Hillc2016 axxii, 753, [28] páginasbilustraciones a color, cuadros, gráficas  aIncluye glosario e índice 7aCuerpo humano 7aFisiología humana 7aMetabolismo 7aRespiración 7aSistema digestivo 7aSistema nervioso1 aGonzález Hernández, José Luisetraductor1 aPlanas González, Héctor Raúletraductor1 aRivera Muñoz, Bernardoetraductor1 aPadilla Sierra, Gloriaetraductor1 aOlivares Bari, Susanaetraductor tHuman Physiology